000 00720nam a2200229Ii 4500
003 JO-AjNU
008 230605s9999||||xx |||||||||||||| ||und||
017 _a2009/7/2912
020 _a978-9957-24-530-6
040 _aJO-AjNU
_bara
_erda
_cJO-AjNU
041 _aara
050 1 4 _aHF5686.C8 .Q22 2010
100 3 _aالقباني،ثناء علي,
_eauthor
_928770
245 0 0 _aادارة التكلفة وتحليل الربحية
250 _aط1
264 3 1 _aعمان: دار صفاء للنشر والتوزيع، 2010
300 _a463ص
336 _atext
_btxt
_2rdacontent
337 _aunmediated
_bn
_2rdamedia
338 _avolume
_bnc
_2rdacarrier
650 4 _aمحاسبة التكاليف
_928771
999 _aA11199
_c14767
_d14767